Sports Quiz

Random Sports or NBA Quiz

NBA PPG Leader Per Draft Quiz Stats

 Plays Quiz not verified by Sporcle

Also try: State by NBA Team
Challenge
Share
Tweet
Embed
Score 0/67 Timer 12:00
0 Plays Today
Draft Year/PPG/Team Drafted By Player % Correct
1960/27.0/LALJerry West
94.3%
2003/27.1/CLELeBron James
94.3%
2007/27.2/SEAKevin Durant
94.3%
2009/22.8/GSWStephen Curry
94.3%
2011/21.6/CLEKyrie Irving
93.6%
2015/21.7/MINKarl-Anthony Towns
93.6%
2008/22.7/SEARussell Westbrook
92.9%
2012/22.4/(NOH or POR)Anthony Davis
92.9%
2010/21.2/SACDeMarcus Cousins
91.4%
2014/20.4/CLEAndrew Wiggins
91.4%
1996/26.7/PHIAllen Iverson
90.7%
1984/30.1/CHIMichael Jordan
88.6%
2004/17.5/ORLDwight Howard
84.3%
1959/30.1/PHWWilt Chamberlain
83.6%
1992/23.7/ORLShaquille O'Neal
83.6%
2005/18.7/NOHChris Paul
82.1%
1963/17.1/BALGus Johnson
81.4%
1979/19.5/LALMagic Johnson
81.4%
1991/16.2/CHHLarry Johnson
81.4%
1985/25.0/UTAKarl Malone
80.7%
1995/17.8/MINKevin Garnett
80%
2002/19.0/HOUYao Ming
80%
1987/21.1/SASDavid Robinson
79.3%
1994/20.7/MILGlenn Robinson
79.3%
1997/19.6/TORTracy McGrady
79.3%
1978/24.3/BOSLarry Bird
77.1%
2013/15.9/(ORL or POR)Victor Oladipo
77.1%
2016/10.6/NOPBuddy Hield
75%
1969/24.6/MILKareem Abdul-Jabbar
73.6%
1983/20.4/PORClyde Drexler
65.7%
1954/26.4/MLHBob Pettit
64.3%
1982/24.8/UTADominique Wilkins
62.9%
2000/19.0/MILMichael Redd
62.1%
1956/27.4/MNLElgin Baylor
60.7%
Draft Year/PPG/Team Drafted By Player % Correct
1998/21.7/MILDirk Nowitzki
60%
1962/20.8/BOSJohn Havlicek
59.3%
1972/22.1/BUFBob McAdoo
57.1%
1964/18.7/NYKWillis Reed
56.4%
1993/20.7/ORLChris Webber
55.7%
1957/17.7/BOSSam Jones
54.3%
1967/18.9/NYKWalt Frazier
52.9%
1968/21.0/SDRElvin Hayes
50%
1988/21.0/GSWMitch Richmond
50%
2006/19.1/CHILaMarcus Aldridge
48.6%
1965/23.2/SFWRick Barry
47.9%
1970/24.2/ATLPete Maravich
47.1%
1989/18.3/MIAGlen Rice
45%
1976/24.3/BUFAdrian Dantley
43.6%
1981/20.0/DALMark Aguirre
41.4%
1986/19.0/CLEBrad Daugherty
37.1%
1975/22.1/ATLDavid Thompson
35.7%
1974/26.2/PHOGeorge Gervin
34.3%
1977/22.5/NJNBernard King
34.3%
1950/22.8/PHWPaul Arizin
33.6%
1990/16.5/NJNDerrick Coleman
32.9%
2001/20.7/GSWGilbert Arenas
31.4%
1999/18.1/VANSteve Francis
30.7%
1966/20.3/DETDave Bing
29.3%
1958/19.2/SYRHal Greer
24.3%
1961/20.1/CHPWalt Bellamy
20%
1971/19.2/BUFSpencer Haywood
14.3%
1980/19.7/DALKiki Vandeweghe
13.6%
1955/19.2/ROCJack Twyman
12.1%
1953/18.0/BOSCliff Hagan
11.4%
1952/17.0/MNLClyde Lovellette
7.1%
1973/20.1/ATLJohn Williamson
4.3%
1951/11.1/TRIMel Hutchins
1.4%

You're not logged in!

Compare scores with friends on all Sporcle quizzes.
Join for Free
OR
Log In

You Might Also Like...

Show Comments

Extras

Top Quizzes Today


Score Distribution

Your Account Isn't Verified!

In order to create a playlist on Sporcle, you need to verify the email address you used during registration. Go to your Sporcle Settings to finish the process.

Report this User

Report this user for behavior that violates our Community Guidelines.

Details: